00917nam a2200181Ia 4500001001100000003000500011008004100016010001100057040000900068100004000077110017900117245018200296260003400478300002300512502010500535700004500640710005000685Para_10203CHAP220125sJuni xx 000 0 und d a208887 cCHAP aAvalos Calderón, Claudia Jazmín aAnálisis de riesgo de plagas para plantas de aralia (Schefflera spp.) originarias de Costa Rica / Claudia Jazmín Avalos Calderón. Director José Ulises García Romero aAnálisis de riesgo de plagas para plantas de aralia (Schefflera spp.) originarias de Costa Rica /c Claudia Jazmín Avalos Calderón. Director José Ulises García Romero aChapingo, Méx. :b el autor a1 CDS ROM (100 p.) aTesis (Ing. Agr. Esp. en Parasitología Agrícola). UACh. Departamento Parasitología Agrícola aGarcía Romero, José Ulises. Director aUACh. Departamento Parasitología Agrícola